Study on sows before farrowing 14 days and diarrhea on piglets after farrowwing at m's pig acmc at sihanouk province, សិក្សាលើការថែទាំមេជ្រូក ១៤ថ្ងៃ មុនកើតព្រមទាំងជំងឺរាកកូនជ្រូកពេលកើតរហូតដល់ផ្តាច់ដោះ នៅក្រុមហ៊ុន m's pjg acmc ខេត្តព្រះសីហនុ (Record no. 2737)
[ view plain ]
| 000 -LEADER | |
|---|---|
| fixed length control field | 00817nam a22001577a 4500 |
| 003 - CONTROL NUMBER IDENTIFIER | |
| control field | OSt |
| 005 - DATE AND TIME OF LATEST TRANSACTION | |
| control field | 20151026150428.0 |
| 008 - FIXED-LENGTH DATA ELEMENTS--GENERAL INFORMATION | |
| fixed length control field | 151026b xxu||||| |||| 00| 0 eng d |
| 040 ## - CATALOGING SOURCE | |
| Transcribing agency | RUA |
| 082 ## - DEWEY DECIMAL CLASSIFICATION NUMBER | |
| Classification number | AVM HEN 2013 B111 Or.1 |
| 100 ## - MAIN ENTRY--PERSONAL NAME | |
| 9 (RLIN) | 2920 |
| Personal name | HENG, CHEAVLENG. |
| 245 ## - TITLE STATEMENT | |
| Title | Study on sows before farrowing 14 days and diarrhea on piglets after farrowwing at m's pig acmc at sihanouk province, សិក្សាលើការថែទាំមេជ្រូក ១៤ថ្ងៃ មុនកើតព្រមទាំងជំងឺរាកកូនជ្រូកពេលកើតរហូតដល់ផ្តាច់ដោះ នៅក្រុមហ៊ុន m's pjg acmc ខេត្តព្រះសីហនុ |
| 260 ## - PUBLICATION, DISTRIBUTION, ETC. (IMPRINT) | |
| Place of publication, distribution, etc. | Phnom Penh |
| Name of publisher, distributor, etc. | RUA |
| Date of publication, distribution, etc. | 2013 |
| 300 ## - PHYSICAL DESCRIPTION | |
| Extent | xi; 42p. |
| Other physical details | ill. |
| Dimensions | 29cm. |
| 942 ## - ADDED ENTRY ELEMENTS (KOHA) | |
| Source of classification or shelving scheme | |
| Koha item type | AVM |
| Price effective from | Date last seen | Permanent Location | Not for loan | Date acquired | Source of classification or shelving scheme | Koha item type | Lost status | Withdrawn status | Total Renewals | Date last checked out | Total Checkouts | Shelving location | Damaged status | Barcode | Current Location | Full call number |
|---|---|---|---|---|---|---|---|---|---|---|---|---|---|---|---|---|
| 2015-10-26 | 2015-10-26 | Library Block B | 2015-10-26 | AVM | B111 | RUA009807 | Library Block B | AVM HEN 2013 B111 Or.1 | ||||||||
| 2015-10-26 | 2015-10-26 | Library Block B | 2015-10-26 | AVM | B111 | RUA016232 | Library Block B | AVM HEN 2013 B111 Or.2 | ||||||||
| 2015-10-26 | 2015-10-26 | Library Block B | 2015-10-26 | AVM | B111 | RUA009879 | Library Block B | AVM HEN 2013 B111 Or.3 | ||||||||
| 2015-10-26 | 2015-10-26 | Library Block B | 2015-10-26 | AVM | B111 | RUA009951 | Library Block B | AVM HEN 2013 B111 Or.4 | ||||||||
| 2015-10-26 | 2015-10-26 | Library Block B | 2015-10-26 | AVM | B111 | RUA009663 | Library Block B | AVM HEN 2013 B111 Or.5 | ||||||||
| 2015-10-26 | 2016-07-26 | Library Block B | 2015-10-26 | AVM | 2016-07-09 | 1 | B111 | RUA015930 | Library Block B | AVM HEN 2013 B111 Or.6 | ||||||
| 2015-10-26 | 2016-05-16 | Library Block B | 2015-10-26 | AVM | 2 | 2016-04-01 | 1 | B111 | RUA018230 | Library Block B | AVM HEN 2013 B111 Or.7 | |||||
| 2015-10-26 | 2023-09-20 | Library Block B | 2015-10-26 | AVM | 2023-09-11 | 1 | B111 | RUA018452 | Library Block B | AVM HEN 2013 B111 Or.8 | ||||||
| 2019-06-19 | 2019-06-19 | Library Block B | 2019-06-19 | AVM | B1.238 | A35811 | Library Block B | AVM HEN 2013 B1.238 Or.1 |